Contes II Candide Jeannot et Colin L´ ingenu
Gespeichert in:
| 1. Verfasser: | |
|---|---|
| Format: | Buch |
| Sprache: | Undetermined |
| Veröffentlicht: |
París, Francia
Librairie Larousse
1939
|
| Schlagworte: | |
| Tags: |
Tag hinzufügen
Keine Tags, Fügen Sie den ersten Tag hinzu!
|
MARC
| LEADER | 00000nam a2200000Ia 4500 | ||
|---|---|---|---|
| 008 | 170316s9999 xx 000 0 und d | ||
| 040 | |a cru BVZT | ||
| 090 | |a C-840 V-5co | ||
| 100 | |a Voltaire | ||
| 245 | |a Contes II Candide Jeannot et Colin L´ ingenu | ||
| 260 | |a París, Francia | ||
| 260 | |b Librairie Larousse | ||
| 260 | |c 1939 | ||
| 300 | |a 137 páginas | ||
| 650 | |a LITERATURA FRANCESA | ||
| 650 | |a CRÍTICA | ||
| 999 | |c 13039 |d 13039 | ||
| 942 | |c 15 D |h C-840 V-5co |2 z | ||
